Tvorba dlhodobej výrobnej stratégie v podniku bakalárska práca

Enregistré dans:
Détails bibliographiques
Auteur principal: Regecová, Žaneta
Collectivité auteur: Podnikovohospodárska fakulta EU so sídlom v Košiciach. Katedra manažmentu
Autres auteurs: Pešáková, Petra, 1984-
Format: Livre
Langue:slovaque
Publié: Košice 2011
Tags: Ajouter un tag
Pas de tags, Soyez le premier à ajouter un tag!

MARC

LEADER 00000nbm a2200000 4500
001 0139321
005 20161109111616.1
041 0 |a slo 
044 |a SK 
245 1 0 |a Tvorba dlhodobej výrobnej stratégie v podniku  |b bakalárska práca  |c Žaneta Regecová ; školiteľ: Petra Pešáková 
264 1 |a Košice  |c 2011 
300 |a 60 s. 
100 1 |a Regecová, Žaneta 
700 1 |a Pešáková, Petra, 1984- 
710 2 |a Podnikovohospodárska fakulta EU so sídlom v Košiciach. Katedra manažmentu